Normal view
MARC view
- Evett, Jac.B
Entry Personal Name
001 - CONTROL NUMBER
- control field: 7386
003 - CONTROL NUMBER IDENTIFIER
- control field: OSt
005 - DATE AND TIME OF LATEST TRANSACTION
- control field: 20250405160744.0
008 - FIXED-LENGTH DATA ELEMENTS
- fixed length control field: 250405|| aca||aabn | a|a d
040 ## - CATALOGING SOURCE
- Original cataloging agency: OSt
- Transcribing agency: OSt
100 ## - HEADING--PERSONAL NAME
- Personal name: Evett, Jac.B
670 ## - SOURCE DATA FOUND
- Source citation: Work cat.: (OSt)1419: Liu, Chang . 7385, Soils and Foundations / , 1981.
